000 00242nam a2200097Ia 4500
001 643083
005 20250826153539.0
008 250824s9999 xx 000 0 und d
245 0 _aIKIZLER OKULDA 5 ÜÇE GEÇTİK
_cENID BLYTON
260 _bDOĞAN
999 _c643083
_d643083